000 00935nam a22003497a 4500
001 BR7604572
003 BR-BrBNA
005 20230928085121.0
007 ta
008 230509b bl.||||| |||| 00| 0 por d
040 _aBR-BrBNA
_bpor
_cBiblioteca Nacional de Agricultura
041 _a(Por)
072 _aE10; E70; E50
_b/G514
090 _ E10 BR7604572
110 1 _aGoverno do Territorio Federal de Rondonia, Porto Velho (Brasil)
_95414
245 1 _aConheca Rondonia [populacao, economia agricola, Brasil]
260 3 _aPorto Velho, RO (Brasil):
_c1976.
300 _a137 p.
500 _a10 illus.; 48 ref.
650 _aFISIOGRAFIA
650 _aSOLO
650 _aCLIMA
650 _aVEGETACAO
650 _aDEMOGRAFIA
650 _aCOLONIZACAO
650 _aUSO DA TERRA
650 _aCOMERCIO
650 _aTRANSPORTE
650 _aRONDONIA
909 _a202309
_bLucia
_c55
_dLucia Elande
942 _cBK
999 _c22872
_d22872